Clave de la dialectica historica /
Guardado en:
| Autor Principal: | |
|---|---|
| Formato: | Libro |
| Publicado: |
Buenos Aires :
Proteo,
1965
|
| Series: | Biblioteca De Ensayos Contempo
|
| Materias: | |
| Etiquetas: |
Agregar Etiqueta
Sin Etiquetas, Sea el primero en etiquetar este registro!
|
| LEADER | 00596nam a22001935a 4500 | ||
|---|---|---|---|
| 001 | EHU.bham024299 | ||
| 003 | AR-BHAM | ||
| 005 | 20130507142037.0 | ||
| 008 | 130507s1965##################000#0#####d | ||
| 082 | 9 | 0 | |a 907.09 |
| 100 | 1 | |a Volpe, Galvano Della | |
| 245 | 1 | 0 | |a Clave de la dialectica historica / |c Galvano Della Volpe |
| 260 | |a Buenos Aires : |b Proteo, |c 1965 | ||
| 300 | |a 65 p. | ||
| 490 | 0 | |a Biblioteca De Ensayos Contempo | |
| 500 | |a Trad. Por Victorio Minardi | ||
| 653 | |a Donacion lejarraga | ||
| 653 | |a Dialectica historica | ||
| 859 | |a AR-BHAM |b BIB. HUMANIDADES - General |h 907.09 |i V888 |p 56.02 |t Ej.1 | ||
